书目信息 |
| 题名: |
正交表的构造
|
|
| 作者: | 杨子胥 编 | |
| 分册: | ||
| 出版信息: | 济南 山东人民出版社 1978 |
|
| 页数: | 224页 | |
| 开本: | 19cm | |
| 丛书名: | ||
| 单 册: | ||
| 中图分类: | O224 | |
| 科图分类: | ||
| 主题词: | 正交阵列 , 运筹学 | |
| 电子资源: | ||
| ISBN: | ||
| 000 | 00592nam0 2200241 45 | |
| 001 | 0178005904 | |
| 005 | 20040520104725.0 | |
| 010 | @dCNY0.60 | |
| 091 | @a13099.77 | |
| 100 | @a19950725d1978 em y0chiy0121 ea | |
| 101 | 0 | @achi |
| 102 | @aCN@b370000 | |
| 105 | @ay z 000yy | |
| 106 | @ar | |
| 200 | 10 | @a正交表的构造@Azheng jiao biao de gou zao@f杨子胥编 |
| 210 | @a济南@c山东人民出版社@d1978 | |
| 215 | @a224页@d19cm | |
| 606 | @a正交阵列 | |
| 606 | 0 | @a运筹学 |
| 690 | @aO224 | |
| 701 | 0 | @a杨子胥@Ayang zi xu@4编 |
| 801 | 0 | @aCN@bNLC@c20040520 |
| 905 | @f2@b5100-101@dO224@e1 | |
| 正交表的构造/杨子胥编.-济南:山东人民出版社,1978 |
| 224页;19cm |
| ISBN :CNY0.60 |
| ● |
| 相关链接 |
|
|
|
|
正题名:正交表的构造
索取号:O224/1
 
预约/预借
| 序号 | 登录号 | 条形码 | 馆藏地/架位号 | 状态 | 备注 |
| 1 | 0005100 | 001443192 | 第三借阅区/ [索取号:O224/1] | 在馆 | |
| 2 | 0005101 | 001443236 | 第二样本阅览室/ [索取号:O224/1] | 在馆 |